|
|
|
|
| LEADER |
00000nab a2200000uu 4500 |
| 001 |
vtls011145480 |
| 003 |
SK-MaSNL |
| 005 |
20260303130103.0 |
| 008 |
230218|2007 xo |||||||||||||||||cze| |
| 015 |
|
|
|a SNBRB
|
| 035 |
|
|
|a (urnnbn)urn:nbn:sk:snk:ar-008jl6
|
| 035 |
|
|
|a (uuid)78b4fcd8-e698-45d0-851e-8b32214d0317
|
| 035 |
|
|
|a urn:nbn:sk:snk-abaw9l
|
| 040 |
|
|
|a SNKBUCL
|b slo
|c SNKBUCL
|e AACR2
|
| 041 |
0 |
|
|a cze
|
| 044 |
|
|
|a xo
|c SK
|
| 100 |
1 |
|
|a Češková, Eva,
|d 1946-
|4 aut
|9 208041
|
| 245 |
1 |
0 |
|a Augmentace antipsychotik repetitivní transkraniální magnetickou stimulací vede k ústupu negativních příznaků schizofrenie
|c E. Češková, H. Kučerová, L. Ustohal, R. Přikryl, S. Skotáková, T. Kašpárek
|
| 700 |
1 |
|
|a Kučerová, H.
|4 aut
|9 1143992
|
| 700 |
1 |
|
|a Ustohal, Libor,
|d 1980-
|4 aut
|9 206382
|
| 700 |
1 |
|
|a Přikryl, R.
|4 aut
|9 1144015
|
| 700 |
1 |
|
|a Skotáková, S.
|4 aut
|9 1145087
|
| 700 |
1 |
|
|a Kašpárek, T.
|4 aut
|9 1144012
|
| 773 |
0 |
|
|t Česká a slovenská psychiatrie : Časopis české psychiatrické společnosti a slovenskej psychiatrickej spoločnosti
|g Roč. 103, č. 2 (2007), s. 80-84
|
| 954 |
|
|
|a odborná, vedecká literatúra cudzojazyčná (svetová)
|2 lita
|
| 958 |
|
|
|a OND
|
| 958 |
|
|
|a EUIPO
|
| 958 |
|
|
|a article14
|
| 999 |
|
|
|c 1938245
|d 1940175
|